Name That President! - Statistics

General Stats
  • This quiz has been taken 19 times
  • The average score is 12 of 15
Answer Stats
Hint Answer % Correct
Elected four terms as the President Franklin D. Roosevelt
100%
Signed the Affordable Healthcare Act Barack Obama
91%
Had a sexual scandal with a woman named Monica Lewinsky Bill Clinton
91%
Never elected as President or Vice President Gerald R. Ford
91%
Only President to make it to 100 years old Jimmy Carter
91%
Assassinated by Lee Harvey Oswald John F. Kennedy
91%
Only President to resign Richard Nixon
91%
Billionaire President Donald Trump
82%
Only Federalist President John Adams
82%
Owned the most slaves out of every President Thomas Jefferson
82%
Was known to fight in many duels Andrew Jackson
64%
Final President to wear a powdered wig James Monroe
64%
Lived with a bullet in his chest for the rest of his lifeafter a failed assassination attempt Theodore Roosevelt
64%
Died one month into his presidency due to typhoid fever William Henry Harrison
55%
Was very silent, and usually only responded to things with a simple 'yes' or 'no' Calvin Coolidge
45%
No matching quizzes found
Score Distribution
Percent of People with Each Score
Percentile by Number Answered
Your Score History
You have not taken this quiz